[Event "Chigorin Memorial 2019"]
[Site "St Petersburg RUS"]
[Date "2019.10.10"]
[Round "6.73"]
[White "Filimonov, Mikhail A."]
[Black "Odegov, Artem"]
[Result "1/2-1/2"]
[WhiteElo "1915"]
[BlackElo "2183"]
[WhiteFideId "24205354"]
[BlackFideId "34183644"]
[EventDate "2019.10.05"]

1. e4 c6 2. d4 d5 3. Nc3 dxe4 4. Nxe4 Nf6 5. Nxf6+ exf6 6. c3 Bd6 7. Bd3 O-O 8.
Ne2 Re8 9. O-O Nd7 10. Ng3 Nf8 11. Nf5 Bxf5 12. Bxf5 Qc7 13. g3 Rad8 14. Qf3 c5
15. Be3 cxd4 16. cxd4 Qb6 17. Rfb1 Bb8 18. b4 Ne6 19. Bxe6 Rxe6 20. a4 Qc7 21.
a5 Qd7 22. d5 Rd6 23. Rd1 Rxd5 24. Rxd5 Qxd5 25. Qxd5 Rxd5 26. Rc1 Rd8 27. Bf4
Bxf4 28. gxf4 a6 29. Rc7 Rb8 30. Kg2 g6 31. Kf3 Kg7 32. Rd7 h6 33. Rd6 Rc8 34.
Rd7 Rb8 1/2-1/2

[Event "Chigorin Memorial 2019"]
[Site "St Petersburg RUS"]
[Date "2019.10.10"]
[Round "6.74"]
[White "Ismagilov, Igor"]
[Black "Strybuk, Artsiom I"]
[Result "0-1"]
[BlackTitle "FM"]
[WhiteElo "1835"]
[BlackElo "2179"]
[WhiteFideId "44100507"]
[BlackFideId "13515659"]
[EventDate "2019.10.05"]

1. d4 Nf6 2. Bf4 g6 3. e3 Bg7 4. h3 O-O 5. Nf3 d6 6. Be2 Nc6 7. c3 Nd7 8. Nbd2
e5 9. Bh2 f5 10. dxe5 Ndxe5 11. Nd4 Kh8 12. N2f3 Qe7 13. Nxc6 Nxc6 14. O-O Bd7
15. Bc4 g5 16. Bd5 g4 17. hxg4 fxg4 18. Bxc6 bxc6 19. Nd4 Rae8 20. Ne2 h5 21.
Nf4 Qg5 22. Nd3 c5 23. Bf4 Qd5 24. Nc1 Qe6 25. Kh2 Bc6 26. Rh1 Qe4 27. Qf1 Be5
28. Ne2 Bb5 29. Bxe5+ Qxe5+ 30. g3 Qe4 31. Qe1 Qf3 32. Nf4 Rxf4 33. gxf4 Bc6 34.
Qf1 Rxe3 35. fxe3 g3+ 0-1

[Event "Chigorin Memorial 2019"]
[Site "St Petersburg RUS"]
[Date "2019.10.10"]
[Round "6.75"]
[White "Zhukov, Anton"]
[Black "Usacheva, Glafira"]
[Result "1-0"]
[WhiteElo "2178"]
[BlackElo "1905"]
[WhiteFideId "34187534"]
[BlackFideId "34119741"]
[EventDate "2019.10.05"]

1. d4 d5 2. c4 e6 3. Nf3 Nf6 4. g3 Bb4+ 5. Nbd2 O-O 6. Bg2 dxc4 7. Qc2 Nc6 8.
Qxc4 Re8 9. O-O Bf8 10. e4 Rb8 11. a3 Ne7 12. Qc2 b6 13. b4 Bb7 14. Bb2 Ng6 15.
h4 a5 16. e5 Nd5 17. h5 Nge7 18. bxa5 bxa5 19. Ne4 Nf5 20. g4 Nfe3 21. fxe3 Nxe3
22. Qd3 Nxf1 23. Bc1 Bxe4 24. Qxe4 Ng3 25. Qe1 Nxh5 26. gxh5 c5 27. Qe4 Be7 28.
h6 g6 29. Be3 Qb6 30. Rf1 cxd4 31. Nxd4 Bc5 32. Qf4 Qc7 33. Qf6 Bf8 34. Kh1 Rb2
35. Be4 Qe7 36. Qf4 Rc8 37. Nc6 Qe8 38. Rc1 Bxa3 39. Qf6 Bf8 40. Ne7+ 1-0

[Event "Chigorin Memorial 2019"]
[Site "St Petersburg RUS"]
[Date "2019.10.10"]
[Round "6.76"]
[White "Goganov, Aleksey"]
[Black "Davydova, Kira"]
[Result "1-0"]
[WhiteTitle "GM"]
[WhiteElo "2566"]
[BlackElo "1961"]
[WhiteFideId "24109959"]
[BlackFideId "34166120"]
[EventDate "2019.10.05"]

1. d4 d6 2. Nf3 g6 3. c4 Bg7 4. g3 Nd7 5. Bg2 e5 6. Nc3 Ne7 7. O-O O-O 8. e4
exd4 9. Nxd4 Nc6 10. Nxc6 bxc6 11. Qc2 Ne5 12. b3 Qf6 13. Bb2 Nf3+ 14. Kh1 Bg4
15. h3 Qg5 16. Ne2 Bxb2 17. Qxb2 Qh6 18. Qc1 g5 19. Ng1 Nxg1 20. Kxg1 Bxh3 21.
Bxh3 Qxh3 22. Qxg5+ Kh8 23. Qf6+ Kg8 24. Rfe1 Rae8 25. Qg5+ Kh8 26. e5 Re6 27.
exd6 cxd6 28. Rxe6 fxe6 29. Rd1 d5 30. Qe5+ Kg8 31. Re1 Re8 32. Qd6 Qf5 33. Qxc6
Kf7 34. cxd5 e5 35. d6 1-0

[Event "Chigorin Memorial 2019"]
[Site "St Petersburg RUS"]
[Date "2019.10.10"]
[Round "6.77"]
[White "Purtov, Andrei"]
[Black "Mkrtchyan, Mariam"]
[Result "1-0"]
[WhiteTitle "IM"]
[BlackTitle "WCM"]
[WhiteElo "2353"]
[BlackElo "2039"]
[WhiteFideId "4102037"]
[BlackFideId "13310828"]
[EventDate "2019.10.05"]

1. e4 d6 2. d4 g6 3. g3 Bg7 4. Bg2 Nf6 5. Ne2 O-O 6. O-O e5 7. Nbc3 exd4 8. Nxd4
Nc6 9. Nxc6 bxc6 10. e5 dxe5 11. Bxc6 Rb8 12. Be3 Bb7 13. Bxb7 Rxb7 14. Bc5 Re8
15. Qxd8 Rxd8 16. Rad1 Re8 17. b3 c6 18. Rfe1 Nd7 19. Ne4 Nxc5 20. Nxc5 Rb5 21.
Ne4 Ra5 22. a4 Rd5 23. c4 Rxd1 24. Rxd1 f5 25. Nc5 Bf8 26. Nb7 e4 27. Rd8 Kf7
28. Rd7+ Kg8 29. Kf1 e3 30. Ke2 exf2+ 31. Kxf2 Bh6 32. Nd6 Rb8 33. Rb7 Rd8 34.
c5 Bf8 35. Rxa7 Bxd6 36. cxd6 Rxd6 37. Ke3 Rd1 38. Rb7 c5 39. Rb5 Rb1 40. Kd3
Kf7 41. Kc4 Rc1+ 42. Kd5 Rc2 43. a5 Rxh2 44. Kxc5 g5 45. Kb6 1-0

[Event "Chigorin Memorial 2019"]
[Site "St Petersburg RUS"]
[Date "2019.10.10"]
[Round "6.78"]
[White "Nandhidhaa, P V"]
[Black "Vunder, Andrey"]
[Result "1/2-1/2"]
[WhiteTitle "WIM"]
[WhiteElo "2348"]
[BlackElo "2027"]
[WhiteFideId "5050847"]
[BlackFideId "4128338"]
[EventDate "2019.10.05"]

1. Nf3 d5 2. g3 Bg4 3. Bg2 c6 4. O-O Nd7 5. h3 Bh5 6. d3 Ngf6 7. c4 e6 8. cxd5
exd5 9. e4 dxe4 10. dxe4 Be7 11. Nc3 O-O 12. Qc2 Re8 13. Rd1 Bb4 14. Bg5 Qa5 15.
Bd2 Ne5 16. g4 Nfxg4 17. hxg4 Bxg4 18. Nxe5 Bxd1 19. Rxd1 Qxe5 20. Be3 Bc5 21.
Bxc5 Qxc5 22. Qb3 Qe7 23. Ne2 Rad8 24. Ng3 g6 25. Re1 Rd4 26. e5 Qb4 27. Qxb4
Rxb4 28. Ne4 Kg7 29. Nd6 Re7 30. b3 a5 31. Rc1 a4 32. Kh2 axb3 33. axb3 f6 34.
exf6+ Kxf6 35. Ne4+ Kg7 36. f3 Rd4 37. Bh3 Re5 38. Rc3 Re7 39. Kg3 h6 40. Nc5
Kf6 41. Bc8 Rb4 42. Rd3 Rb5 43. Ne4+ Kg7 44. Nd6 Rd5 45. Rxd5 cxd5 46. b4 b6 1/2-1/2

[Event "Chigorin Memorial 2019"]
[Site "St Petersburg RUS"]
[Date "2019.10.10"]
[Round "6.79"]
[White "Biriukov, Ilja"]
[Black "Trofimov, Ivan"]
[Result "1/2-1/2"]
[WhiteTitle "IM"]
[WhiteElo "2349"]
[BlackElo "2014"]
[WhiteFideId "4113373"]
[BlackFideId "44136870"]
[EventDate "2019.10.05"]

1. d4 Nf6 2. c4 g6 3. Nc3 Bg7 4. e4 d6 5. f4 O-O 6. Nf3 Bg4 7. Be2 e5 8. dxe5
Bxf3 9. Bxf3 dxe5 10. Qxd8 Rxd8 11. fxe5 Nfd7 12. Bg5 Re8 13. Nd5 Bxe5 14. O-O-O
c6 15. Nb4 Nc5 16. Be3 Nba6 17. Nxa6 Nxa6 18. Rd7 b6 19. h3 c5 20. Rhd1 Nb8 21.
Rb7 Nc6 22. Bg4 Re7 23. Rxe7 Nxe7 24. Rd2 Nc6 25. Rd7 Rd8 26. Bg5 Rxd7 27. Bxd7
Nb8 28. Bb5 f6 1/2-1/2

[Event "Chigorin Memorial 2019"]
[Site "St Petersburg RUS"]
[Date "2019.10.10"]
[Round "6.80"]
[White "Pavlov, Mikhail"]
[Black "Goltseva, Ekaterina"]
[Result "0-1"]
[BlackTitle "FM"]
[WhiteElo "2034"]
[BlackElo "2317"]
[WhiteFideId "44126573"]
[BlackFideId "24173770"]
[EventDate "2019.10.05"]

1. e4 e5 2. Nf3 Nc6 3. Bb5 a6 4. Ba4 Nf6 5. O-O Be7 6. Re1 b5 7. Bb3 d6 8. c3
O-O 9. h3 Nd7 10. d4 Bf6 11. a4 Rb8 12. axb5 axb5 13. Na3 b4 14. Nc4 bxc3 15.
bxc3 exd4 16. cxd4 Nxd4 17. Nxd4 Bxd4 18. Qxd4 Rxb3 19. Na5 Rb6 20. Be3 Ra6 21.
Rec1 c5 22. Qd2 Qf6 23. Bg5 Qe6 24. Bf4 Ne5 25. f3 Qf6 26. Rab1 Be6 27. Rd1 c4
28. Rb5 Nd3 29. Bg5 Qg6 30. Kh2 h6 31. Be3 Qf6 32. f4 Rfa8 33. f5 Bd7 34. Rd5
Bc6 35. Bd4 Qh4 36. Nxc6 Rxc6 37. Qe3 Qf4+ 38. Qxf4 Nxf4 39. Rb5 c3 40. Be3 c2
41. Rf1 Nd3 0-1

[Event "Chigorin Memorial 2019"]
[Site "St Petersburg RUS"]
[Date "2019.10.10"]
[Round "6.81"]
[White "Goltsev, Dmitry"]
[Black "Izoitko, Alexey"]
[Result "1-0"]
[WhiteTitle "FM"]
[WhiteElo "2309"]
[BlackElo "1981"]
[WhiteFideId "24176710"]
[BlackFideId "24106062"]
[EventDate "2019.10.05"]

1. e4 c5 2. Nf3 d6 3. d4 cxd4 4. Nxd4 Nf6 5. Nc3 g6 6. Be2 Bg7 7. Be3 Nc6 8. O-O
O-O 9. f3 Qb6 10. Na4 Qa5 11. c4 Bd7 12. Nxc6 Bxc6 13. Nc3 Nd7 14. Bd4 Bxd4+ 15.
Qxd4 Qc5 16. Rfd1 Rfd8 17. Rd2 Qxd4+ 18. Rxd4 a5 19. Rad1 Nc5 20. g3 f6 21. b3
Kf7 22. Kf2 Rac8 23. Ke3 Rd7 24. R4d2 Ra8 25. f4 Rad8 26. h4 f5 27. exf5 gxf5
28. g4 Ne4 29. Nxe4 Bxe4 30. gxf5 Bxf5 31. Rd5 Kf6 32. Rxa5 e5 33. Rad5 exf4+
34. Kxf4 Be6 35. R5d4 Rf8 36. Ke3 Ke7 37. Re4 Rg8 38. Kf2 Rg6 39. Rg1 Rf6+ 40.
Ke3 Kd8 41. Rf4 Rxf4 42. Kxf4 Kc7 43. h5 h6 44. Rg6 Rf7+ 45. Kg3 Bf5 46. Rxh6
Bb1 47. a3 Bc2 48. b4 b5 49. cxb5 Be4 50. a4 d5 51. b6+ Kb7 52. a5 Rf8 53. a6+
Kb8 54. Rd6 1-0

[Event "Chigorin Memorial 2019"]
[Site "St Petersburg RUS"]
[Date "2019.10.10"]
[Round "6.82"]
[White "Shohradowa, Lala"]
[Black "Khakimov, Timur"]
[Result "0-1"]
[WhiteTitle "WFM"]
[BlackTitle "IM"]
[WhiteElo "2024"]
[BlackElo "2278"]
[WhiteFideId "14004089"]
[BlackFideId "4169115"]
[EventDate "2019.10.05"]

1. d4 d5 2. Bf4 c5 3. c3 cxd4 4. cxd4 Nc6 5. e3 Nf6 6. Nc3 e6 7. Bd3 Be7 8. Nf3
O-O 9. O-O Nh5 10. Bg3 Nxg3 11. hxg3 Bf6 12. a3 a6 13. b4 b5 14. Qc2 Bb7 15.
Bxh7+ Kh8 16. Bd3 Rc8 17. Rac1 g6 18. Nd2 e5 19. Qa2 e4 20. Be2 Nxd4 21. exd4
Bxd4 22. Ndb1 Qg5 23. Rc2 Kh7 24. Nd1 Qxg3 25. Rxc8 Rxc8 26. Qd2 Bb6 27. Ne3 Qh4
28. g3 Qg5 29. Rd1 d4 30. Qb2 Rd8 31. Ng2 d3 32. Qa2 dxe2 33. Qxe2 Rxd1+ 34.
Qxd1 Qd5 35. Qc2 Qd3 36. Qc1 e3 37. Nxe3 Qe4 38. Qd2 Bd4 39. Kf1 Bc8 40. Qc1
Bh3+ 41. Kg1 g5 42. Qc7 Kg6 43. Qd8 0-1

[Event "Chigorin Memorial 2019"]
[Site "St Petersburg RUS"]
[Date "2019.10.10"]
[Round "6.83"]
[White "Bimiev, Ahmad"]
[Black "Kuzmin, Roman"]
[Result "1/2-1/2"]
[WhiteElo "2266"]
[BlackElo "2013"]
[WhiteFideId "24102938"]
[BlackFideId "44134932"]
[EventDate "2019.10.05"]

1. e4 c5 2. Nc3 d6 3. g3 g6 4. Bg2 Bg7 5. d3 e6 6. f4 Ne7 7. Nf3 Nbc6 8. O-O Nd4
9. Be3 Nec6 10. Ne1 O-O 11. Qd2 b6 12. Nd1 Bb7 13. c3 Nb5 14. Nf3 Rc8 15. f5 d5
16. exd5 exd5 17. Bh6 f6 18. Bxg7 Kxg7 19. Ne3 Ne7 20. fxg6 hxg6 21. Ng4 Ng8 22.
Nf2 Re8 23. a4 Nd6 24. a5 bxa5 25. b4 axb4 26. cxb4 c4 27. dxc4 Rxc4 28. Rfe1
Rxe1+ 29. Nxe1 Nb5 30. Ned3 Qd6 31. Nc5 Bc6 32. Bf1 Qe5 33. Re1 Nd4 34. Kg2 Qf5
35. Bd3 Nf3 36. Bxf5 Nxd2 37. Ne6+ Kh8 38. Bxg6 d4+ 39. Kh3 Nf3 40. Ra1 Ne5 41.
Bf5 Nh6 42. g4 Rc3+ 43. Kh4 Rf3 1/2-1/2

[Event "Chigorin Memorial 2019"]
[Site "St Petersburg RUS"]
[Date "2019.10.10"]
[Round "6.84"]
[White "Bondareva, Daria"]
[Black "Ilyasli, Ughur"]
[Result "0-1"]
[WhiteTitle "WCM"]
[BlackTitle "CM"]
[WhiteElo "2012"]
[BlackElo "2243"]
[WhiteFideId "44131356"]
[BlackFideId "13416197"]
[EventDate "2019.10.05"]

1. Nf3 Nf6 2. g3 g6 3. b3 Bg7 4. Bb2 O-O 5. Bg2 d5 6. O-O c5 7. Re1 Nc6 8. Ne5
Qd6 9. Nxc6 bxc6 10. Nc3 h5 11. Na4 h4 12. e4 dxe4 13. Bxe4 hxg3 14. hxg3 Nxe4
15. Rxe4 f5 16. Rh4 f4 17. Qf3 fxg3 18. Qxg3 0-1

[Event "Chigorin Memorial 2019"]
[Site "St Petersburg RUS"]
[Date "2019.10.10"]
[Round "6.85"]
[White "Strukova, Ksenia"]
[Black "Kazmin, Semen"]
[Result "0-1"]
[WhiteTitle "WCM"]
[WhiteElo "2002"]
[BlackElo "2190"]
[WhiteFideId "34106623"]
[BlackFideId "34171409"]
[EventDate "2019.10.05"]

1. e4 e5 2. Nf3 Nc6 3. Bc4 Bc5 4. d3 Nf6 5. O-O d6 6. a4 a6 7. c3 Ba7 8. h3 O-O
9. Re1 b5 10. Bb3 Na5 11. Bc2 c5 12. d4 Qc7 13. dxe5 dxe5 14. Bg5 Be6 15. Bxf6
gxf6 16. Nh4 Nc4 17. b3 Nd6 18. Qf3 Qe7 19. Nd2 Kh8 20. Nf1 Rg8 21. Rad1 Rad8
22. Ng3 c4 23. b4 Bc8 24. Kh2 Bb8 25. Kh1 Bc7 26. Nh5 Ne8 27. axb5 axb5 28. Rd5
Rg5 29. Rxd8 Bxd8 30. Ng3 Nd6 31. Rd1 Rg8 32. Qe3 Qf8 33. Qf3 Qh6 34. Rxd6 Qxh4
35. Nf5 Qg5 36. Ne3 Be6 37. Rd1 Qh4 38. Nf5 Bxf5 39. Qxf5 Bb6 40. Rd6 Bxf2 41.
Qxf6+ Qxf6 42. Rxf6 Be1 43. Rb6 Rg3 44. Bd1 Rxc3 45. Rxb5 Rc1 46. Rd5 Bg3 47.
Kg1 c3 48. Kf1 c2 0-1

[Event "Chigorin Memorial 2019"]
[Site "St Petersburg RUS"]
[Date "2019.10.10"]
[Round "6.86"]
[White "Indzhiev, Aldar"]
[Black "Slastikhin, Vladislav"]
[Result "0-1"]
[WhiteElo "2180"]
[BlackElo "1980"]
[WhiteFideId "34121703"]
[BlackFideId "34157325"]
[EventDate "2019.10.05"]

1. Nf3 Nf6 2. e3 e6 3. c4 b6 4. b3 Be7 5. Bb2 Bb7 6. Be2 d5 7. O-O O-O 8. d3 c5
9. Nbd2 Nc6 10. a3 Re8 11. Rc1 Rc8 12. Qc2 Bf8 13. cxd5 Nxd5 14. Qb1 e5 15. Qa1
f6 16. Rfd1 Kh8 17. Bf1 Qd7 18. Qb1 Qf7 19. Nc4 Rcd8 20. Qc2 Bd6 21. Nxd6 Rxd6
22. Ba1 Qh5 23. Qe2 Red8 24. Rc4 Qf7 25. Rh4 Nde7 26. Nd2 Rxd3 27. Qxd3 Rxd3 28.
Bxd3 h6 29. Bc2 Qe6 30. b4 Qa2 31. Bb3 Qxa3 32. bxc5 Na5 33. Bc2 Qxc5 34. Bb1
Nd5 35. Bb2 Qb5 36. Ba1 Qe2 37. Bc2 Nxe3 38. Rb1 Nxc2 39. Nf1 Qd3 40. Bb2 Nd4
41. Re1 Nf3+ 42. gxf3 Qxf3 43. Ne3 0-1

[Event "Chigorin Memorial 2019"]
[Site "St Petersburg RUS"]
[Date "2019.10.10"]
[Round "6.87"]
[White "Pogorelskikh, Sofia"]
[Black "Afanasieva, Alexandra"]
[Result "1-0"]
[BlackTitle "WFM"]
[WhiteElo "2173"]
[BlackElo "1957"]
[WhiteFideId "44164548"]
[BlackFideId "34126926"]
[EventDate "2019.10.05"]

1. e4 c5 2. Nf3 d6 3. d4 cxd4 4. Nxd4 Nf6 5. Nc3 a6 6. Bg5 Nbd7 7. f4 Qc7 8. Qf3
b5 9. O-O-O Bb7 10. Bd3 g6 11. Rhe1 Bg7 12. Nd5 Nxd5 13. exd5 Nf6 14. Nc6 e6 15.
f5 O-O 16. fxe6 fxe6 17. Rxe6 Nxd5 18. Qxd5 Qxc6 19. Qxc6 Bxc6 20. g3 Be5 21.
Re7 Rae8 22. Ra7 Ra8 23. Rc7 Rac8 24. Rxc8 Rxc8 25. Rf1 Kg7 26. a3 Bd5 27. Bf4
Rb8 28. Bd2 Rc8 29. Re1 Kf6 30. Bh6 Rb8 31. Rd1 Ke6 32. Bf1 Be4 33. Bh3+ Bf5 34.
Bg2 b4 35. a4 Rc8 36. Rd2 Rc7 37. Be3 Kf6 38. Bd5 Re7 39. Bb6 Kg7 40. Bc4 Bg4
41. Kb1 Bd7 42. a5 Bc8 43. Rf2 Bb7 44. Ka2 d5 45. Bd3 Bd6 46. Bd4+ Kg8 47. Rf6
Bc7 48. Bc5 Rf7 49. Rxf7 Kxf7 50. Bxb4 1-0

[Event "Chigorin Memorial 2019"]
[Site "St Petersburg RUS"]
[Date "2019.10.10"]
[Round "6.88"]
[White "Volkov, Roman"]
[Black "Novikov, Kirill"]
[Result "1/2-1/2"]
[WhiteElo "2170"]
[BlackElo "1950"]
[WhiteFideId "34191442"]
[BlackFideId "44153635"]
[EventDate "2019.10.05"]

1. e4 c5 2. Nf3 Nc6 3. d4 cxd4 4. Nxd4 Nf6 5. Nc3 e5 6. Ndb5 d6 7. Bg5 a6 8. Na3
b5 9. Bxf6 gxf6 10. Nd5 f5 11. g3 Bg7 12. Bg2 fxe4 13. Bxe4 Be6 14. Qh5 Rc8 15.
c3 Ne7 16. Rd1 Nxd5 17. Bxd5 O-O 18. Nc2 Rc5 19. Ne3 Qd7 20. O-O f5 21. f4 e4
22. Rd2 Bxd5 23. Rxd5 Rxd5 24. Nxd5 a5 25. a3 Qe6 26. Rd1 Kh8 27. Qe2 Rb8 28.
Rd2 h6 29. Qd1 b4 30. axb4 axb4 31. c4 e3 32. Re2 Qe4 33. Qc2 Qf3 34. Re1 e2 35.
Qxe2 Bd4+ 36. Ne3 Qe4 37. Kf1 Bc5 38. Qg2 Qd3+ 39. Qe2 Qe4 1/2-1/2

[Event "Chigorin Memorial 2019"]
[Site "St Petersburg RUS"]
[Date "2019.10.10"]
[Round "6.89"]
[White "Erastov, Semen"]
[Black "Khudyakov, Stanislav"]
[Result "1-0"]
[WhiteElo "1981"]
[BlackElo "2160"]
[WhiteFideId "34147141"]
[BlackFideId "44131232"]
[EventDate "2019.10.05"]

1. d4 Nf6 2. Nf3 e6 3. g3 b6 4. Bg2 Bb7 5. O-O Be7 6. c4 O-O 7. Nc3 Ne4 8. Bd2
d6 9. d5 Nxc3 10. Bxc3 e5 11. e4 Nd7 12. Ne1 a5 13. f4 exf4 14. gxf4 Bf6 15. Rc1
Re8 16. Nd3 Bxc3 17. Rxc3 Qh4 18. Nc1 Qf6 19. Ne2 Nc5 20. Qc2 Bc8 21. b3 Bg4 22.
Re3 Qh6 23. Nd4 Bd7 24. Qf2 Re7 25. Qg3 Rae8 26. Rfe1 Qg6 27. Qxg6 hxg6 28. e5
Kf8 29. h4 Bf5 30. Nc6 Rd7 31. Bh3 Bxh3 32. Rxh3 Kg8 33. Kg2 dxe5 34. fxe5 f6
35. e6 Rd6 36. Rhe3 Kf8 37. Nd4 Ke7 38. Nb5 Rh8 39. Rg3 Rh6 40. Nxd6 1-0

[Event "Chigorin Memorial 2019"]
[Site "St Petersburg RUS"]
[Date "2019.10.10"]
[Round "6.90"]
[White "Khramov, Andrey"]
[Black "Kurchenko, Egor"]
[Result "1-0"]
[WhiteElo "2159"]
[BlackElo "1917"]
[WhiteFideId "24199257"]
[BlackFideId "54157749"]
[EventDate "2019.10.05"]

1. e4 e5 2. Nf3 Nc6 3. Bb5 Nf6 4. O-O Nxe4 5. Re1 Nd6 6. Nxe5 Nxe5 7. Rxe5+ Be7
8. Bf1 O-O 9. Nc3 Bf6 10. Re1 c6 11. d4 Nf5 12. d5 c5 13. d6 Qb6 14. Ne4 Kh8 15.
Nxf6 gxf6 16. Qf3 Nxd6 17. Bh6 Qd8 18. Bxf8 Qxf8 19. Qxf6+ Kg8 20. Re3 Ne8 21.
Rg3+ Ng7 22. Re1 d5 23. Rxg7+ 1-0

[Event "Chigorin Memorial 2019"]
[Site "St Petersburg RUS"]
[Date "2019.10.10"]
[Round "6.91"]
[White "Vankon, Alexander"]
[Black "Efremov, Vladislav"]
[Result "0-1"]
[BlackTitle "FM"]
[WhiteElo "1955"]
[BlackElo "2137"]
[WhiteFideId "34402020"]
[BlackFideId "44159935"]
[EventDate "2019.10.05"]

1. e4 c5 2. Nc3 Nc6 3. g3 g6 4. Bg2 Bg7 5. d3 e6 6. Be3 Nd4 7. Qd2 Ne7 8. Nd1 d6
9. c3 Ndc6 10. Bh6 O-O 11. Bxg7 Kxg7 12. h4 f6 13. Ne2 d5 14. h5 g5 15. h6+ Kg8
16. Ne3 d4 17. Nc2 Rb8 18. f4 g4 19. f5 exf5 20. cxd4 cxd4 21. O-O Qd6 22. Qf4
Qxf4 23. Nxf4 fxe4 24. Bxe4 f5 25. Bg2 Rf6 26. Rae1 Kf7 27. Nd5 Rxh6 28. Nxd4
Rd6 29. Nxc6 Nxc6 30. Nf4 Bd7 31. Bd5+ Kf6 32. Kf2 Re8 33. Rh1 Rxe1 34. Kxe1 Kg7
35. Kd2 Nb4 36. Bc4 b5 37. Bb3 Bc6 38. Rc1 a5 39. a3 Na6 40. Re1 Nc5 41. Ne6+
Nxe6 42. Bxe6 Be4 43. Re3 Rxe6 44. dxe4 Rxe4 45. Rxe4 fxe4 46. Ke3 Kg6 0-1

[Event "Chigorin Memorial 2019"]
[Site "St Petersburg RUS"]
[Date "2019.10.10"]
[Round "6.92"]
[White "Shapiyanov, Adam"]
[Black "Khalikov, Bulat"]
[Result "0-1"]
[WhiteElo "1871"]
[BlackElo "2152"]
[WhiteFideId "24123390"]
[BlackFideId "34147869"]
[EventDate "2019.10.05"]

1. Nf3 d5 2. g3 Nf6 3. Bg2 e6 4. d4 c5 5. c4 Nc6 6. cxd5 Nxd5 7. O-O Be7 8. dxc5
Bxc5 9. e4 Ndb4 10. Qxd8+ Nxd8 11. Nc3 Nd3 12. Na4 Be7 13. Be3 Bd7 14. Rfd1 Bxa4
15. Rxd3 Bc2 16. Rd4 Nc6 17. Rc4 Bd3 18. Rc3 Bxe4 19. Nd4 Bxg2 20. Kxg2 Bf6 21.
Rc4 Nxd4 22. Bxd4 Bxd4 23. Rxd4 Ke7 24. Rb4 b6 25. a4 Rab8 26. a5 bxa5 27. Rba4
Rb5 28. Rxa5 Rxa5 29. Rxa5 Ra8 30. Ra6 Kd7 31. Kf3 Kc7 32. Ke3 Kb7 33. Rd6 Rc8
34. Kd3 Kc7 35. Ra6 Rd8+ 36. Kc3 Kb7 37. Ra4 Rd7 38. Rh4 h6 39. Rb4+ Kc6 40. Rb8
Rb7 41. Rg8 g6 42. Rh8 h5 43. Rd8 Rd7 44. Rb8 Kd5 45. Kd3 Ke5+ 46. Ke3 Kf5 47.
h3 e5 48. Rb5 f6 49. Rb4 Rd6 50. Rc4 Rb6 51. b4 a6 52. Kd3 Ke6 53. g4 h4 54. f4
Rd6+ 55. Ke3 exf4+ 56. Rxf4 Rd1 57. Re4+ Kd6 58. Rf4 Ke5 59. Re4+ Kd5 60. Rf4
Re1+ 0-1

[Event "Chigorin Memorial 2019"]
[Site "St Petersburg RUS"]
[Date "2019.10.10"]
[Round "6.93"]
[White "Galchenko, Vadim"]
[Black "Borisov, Sergey"]
[Result "1-0"]
[WhiteElo "2139"]
[BlackElo "1885"]
[WhiteFideId "24177334"]
[BlackFideId "4169301"]
[EventDate "2019.10.05"]

1. e4 c5 2. Be2 e6 3. d3 d5 4. f4 Nc6 5. c3 Nf6 6. Nd2 Be7 7. Ngf3 O-O 8. Qc2 b5
9. Nf1 a5 10. Ng3 b4 11. O-O a4 12. e5 Nd7 13. Be3 a3 14. c4 axb2 15. Qxb2 d4
16. Bf2 Ra3 17. Nd2 Bb7 18. Nge4 Qa5 19. Nb1 Ra4 20. Bd1 Nb6 21. Bxa4 Nxa4 22.
Qb3 Ra8 23. a3 Nc3 24. Nbxc3 dxc3 25. Nxc3 Qd8 26. Ne4 Nd4 27. Qb2 Bxe4 28. dxe4
bxa3 29. Rxa3 Rxa3 30. Qxa3 Ne2+ 31. Kh1 Nxf4 32. Bxc5 1-0

[Event "Chigorin Memorial 2019"]
[Site "St Petersburg RUS"]
[Date "2019.10.10"]
[Round "6.94"]
[White "Kuizhev, Adam"]
[Black "Shkurkin, Andrey"]
[Result "0-1"]
[BlackTitle "FM"]
[WhiteElo "1879"]
[BlackElo "2184"]
[WhiteFideId "44166265"]
[BlackFideId "34179647"]
[EventDate "2019.10.05"]

1. e4 d6 2. d4 Nf6 3. Nc3 g6 4. f4 Bg7 5. Nf3 O-O 6. Bd3 Nc6 7. h3 e5 8. d5 Nd4
9. fxe5 dxe5 10. O-O c6 11. Bg5 Qb6 12. Nxd4 Qxd4+ 13. Kh2 Nh5 14. Qf3 Qc5 15.
Qf2 Qxf2 16. Rxf2 h6 17. Be3 Nf4 18. Bc4 b5 19. Bb3 b4 20. Ne2 cxd5 21. Bc5 dxe4
22. Bxf8 Kxf8 23. g3 e3 24. Rf3 Bb7 25. Rxe3 Nxe2 26. Rxe2 Rd8 27. c4 bxc3 28.
bxc3 Bf3 29. Rf2 e4 30. Rxf3 Rd2+ 31. Kh1 exf3 32. Rf1 Rd3 33. c4 Bd4 34. Bd1 f2
35. Kg2 Bc5 36. Bb3 f5 37. Rd1 Re3 38. Rf1 Rc3 39. Rd1 h5 40. h4 Ke7 41. Rf1 Kd6
42. Rd1+ Kc7 43. Rf1 Kb6 44. Rd1 Ka5 45. Rf1 Re3 46. Rd1 Rc3 47. Rb1 a6 48. Rd1
Kb4 49. Rb1 Ka3 50. Rd1 a5 51. Rf1 a4 52. Bd1 Rxc4 0-1

[Event "Chigorin Memorial 2019"]
[Site "St Petersburg RUS"]
[Date "2019.10.10"]
[Round "6.95"]
[White "Nasibullin, Iskander"]
[Black "Khodko, Yurii N."]
[Result "0-1"]
[WhiteElo "2123"]
[BlackElo "1877"]
[WhiteFideId "34124273"]
[BlackFideId "24264717"]
[EventDate "2019.10.05"]

1. b3 e5 2. Bb2 Nc6 3. e3 d5 4. Bb5 Bd6 5. Ne2 Nf6 6. O-O e4 7. h3 O-O 8. Bxc6
bxc6 9. f4 exf3 10. Rxf3 Ne4 11. Nf4 Qh4 12. d3 Ng5 13. Nd2 Bxf4 14. exf4 Nxf3+
15. Qxf3 Re8 16. Nf1 Qe7 17. Qf2 f6 18. Bd4 a5 19. a4 Ra6 20. Bc5 Qf7 21. Nd2
Qh5 22. Nf3 Bd7 23. Nd4 Raa8 24. Rf1 Kf7 25. Qd2 Kg8 26. Rf3 Qh4 27. Kf1 g5 28.
Qf2 Qxf2+ 29. Kxf2 g4 30. hxg4 Bxg4 31. Rg3 h5 32. Rxg4+ hxg4 33. Kg3 Kf7 34.
Kxg4 Re3 35. Nxc6 Rg8+ 36. Kf5 Reg3 37. Ne7 Rh8 38. Nxd5 Rh5+ 39. Ke4 c6 0-1